<?xml version="1.0" encoding="UTF-8"?>
<record
    xmlns:xsi="http://www.w3.org/2001/XMLSchema-instance"
    xsi:schemaLocation="http://www.loc.gov/MARC21/slim http://www.loc.gov/standards/marcxml/schema/MARC21slim.xsd"
    xmlns="http://www.loc.gov/MARC21/slim">

  <leader>01553nkm a2200349 i 4500</leader>
  <controlfield tag="001">4162</controlfield>
  <controlfield tag="003">ES-MaACL</controlfield>
  <controlfield tag="005">20250713062937.0</controlfield>
  <controlfield tag="007">khrbo</controlfield>
  <controlfield tag="008">070629s1987    sp --- g      |001||spa d</controlfield>
  <datafield tag="100" ind1="0" ind2=" ">
    <subfield code="a">Alfonso,</subfield>
    <subfield code="d">1902-1990</subfield>
    <subfield code="9">19858</subfield>
  </datafield>
  <datafield tag="245" ind1="1" ind2="0">
    <subfield code="a">Palestina en la literatura [</subfield>
    <subfield code="h">Fotograf&#xED;a] / </subfield>
    <subfield code="c">Alfonso (sello).</subfield>
  </datafield>
  <datafield tag="260" ind1=" " ind2=" ">
    <subfield code="a">[S.l. : </subfield>
    <subfield code="b">s.n.], </subfield>
    <subfield code="c">1987.</subfield>
  </datafield>
  <datafield tag="300" ind1=" " ind2=" ">
    <subfield code="a">2 fot. : </subfield>
    <subfield code="b">b. y n. ; </subfield>
    <subfield code="c">12 x 18 cm.</subfield>
  </datafield>
  <datafield tag="490" ind1="1" ind2=" ">
    <subfield code="a">D&#xED;a Internacional de solidaridad con el pueblo palestino</subfield>
  </datafield>
  <datafield tag="500" ind1=" " ind2=" ">
    <subfield code="a">Datos basados en invitaci&#xF3;n.</subfield>
  </datafield>
  <datafield tag="511" ind1="0" ind2=" ">
    <subfield code="a">Intervienen: Javier Mill&#xE1;n, Mohammed Abdallah Al-Geadi, Sergio Mac&#xED;as, Al Bayati, Esperanza Alonso; modera: Manuela Cort&#xE9;s.</subfield>
  </datafield>
  <datafield tag="518" ind1=" " ind2=" ">
    <subfield code="a">Acto organizado por el Ateneo de Madrid en colaboraci&#xF3;n con "Paz y Cooperaci&#xF3;n", celebrado en la sala de conferencias el martes, 1 de diciembre de 1987, a las 19:30 h.</subfield>
  </datafield>
  <datafield tag="600" ind1="1" ind2="4">
    <subfield code="a">Mill&#xE1;n, Javier.</subfield>
    <subfield code="9">81129</subfield>
  </datafield>
  <datafield tag="600" ind1="1" ind2="4">
    <subfield code="a">Al-Geadi, Mohamemed Abdallah.</subfield>
    <subfield code="9">19048</subfield>
  </datafield>
  <datafield tag="600" ind1="1" ind2="4">
    <subfield code="a">Mac&#xED;as, Sergio.</subfield>
    <subfield code="9">75215</subfield>
  </datafield>
  <datafield tag="600" ind1="1" ind2="4">
    <subfield code="a">Al-Bayati, Abd al-Wahhab.</subfield>
    <subfield code="9">19045</subfield>
  </datafield>
  <datafield tag="600" ind1="1" ind2="4">
    <subfield code="a">Alonso, Esperanza.</subfield>
    <subfield code="9">20201</subfield>
  </datafield>
  <datafield tag="600" ind1="1" ind2="4">
    <subfield code="a">Cort&#xE9;s, Manuela.</subfield>
    <subfield code="9">40869</subfield>
  </datafield>
  <datafield tag="610" ind1="2" ind2="4">
    <subfield code="a">Ateneo de Madrid-</subfield>
    <subfield code="x">Actos culturales-</subfield>
    <subfield code="y">1987-</subfield>
    <subfield code="v">Fotograf&#xED;as.</subfield>
    <subfield code="9">1902</subfield>
  </datafield>
  <datafield tag="710" ind1="2" ind2=" ">
    <subfield code="a">Ateneo de Madrid.</subfield>
    <subfield code="9">1875</subfield>
  </datafield>
  <datafield tag="710" ind1="2" ind2=" ">
    <subfield code="a">Paz y Cooperaci&#xF3;n (Asociaci&#xF3;n)</subfield>
    <subfield code="9">6201</subfield>
  </datafield>
  <datafield tag="830" ind1="0" ind2=" ">
    <subfield code="a">D&#xED;a Internacional de solidaridad con el pueblo palestino</subfield>
    <subfield code="9">177017</subfield>
  </datafield>
  <datafield tag="852" ind1=" " ind2=" ">
    <subfield code="a">ES-MaACL</subfield>
    <subfield code="j">FOT 227/1987</subfield>
  </datafield>
  <datafield tag="856" ind1="4" ind2=" ">
    <subfield code="u">http://www.ateneodemadrid.net/biblioteca_digital/imagenes/1987/0227-1987.jpg</subfield>
    <subfield code="z">Ver imagen</subfield>
  </datafield>
  <datafield tag="999" ind1=" " ind2=" ">
    <subfield code="c">4162</subfield>
    <subfield code="d">4162</subfield>
  </datafield>
  <datafield tag="952" ind1=" " ind2=" ">
    <subfield code="0">0</subfield>
    <subfield code="1">0</subfield>
    <subfield code="4">0</subfield>
    <subfield code="7">0</subfield>
    <subfield code="8">Colecci&#xF3;n_digital</subfield>
    <subfield code="a">ATENEOM</subfield>
    <subfield code="b">ATENEOM</subfield>
    <subfield code="c">DEPOZ</subfield>
    <subfield code="d">2008-01-17</subfield>
    <subfield code="e">SC</subfield>
    <subfield code="l">0</subfield>
    <subfield code="o">FOT 227/1987</subfield>
    <subfield code="p">1004225</subfield>
    <subfield code="r">2023-02-23 00:00:00</subfield>
    <subfield code="w">2023-02-23</subfield>
    <subfield code="y">FOTOGRAFIA</subfield>
  </datafield>
</record>
